| 000 | 00950cam a22003017a 4500 | ||
|---|---|---|---|
| 003 | CHAP | ||
| 005 | 20220329140122.0 | ||
| 008 | 971013s1946 r 00010 d | ||
| 010 | _a47255 | ||
| 011 | _a48227 | ||
| 035 | _a52372 | ||
| 040 | _cCHAP | ||
| 082 |
_a917.25 _bV3 1946 |
||
| 100 | 0 | 0 |
_aValle Arizpe, Artemio de. _9117575 |
| 245 | 0 | _aHistoria de la ciudad de México según los relatos de sus cronistas | |
| 250 | _a4 ed. | ||
| 260 |
_aMéxico, D.F. : _bRobledo, _c1946 |
||
| 300 |
_a587 p. _b: ilus. |
||
| 590 |
_aBATCH-UPD _b10 _c20130110 _lUCH01 _h0125 |
||
| 590 |
_aBATCH-UPD _b10 _c20130110 _lUCH01 _h0929 |
||
| 590 |
_aBATCH-UPD _b10 _c20130410 _lUCH01 _h0549 |
||
| 590 |
_aBATCH-UPD _b10 _c20130914 _lUCH01 _h1825 |
||
| 590 |
_aCONVERSION _b10 _c20130109 _lUCH01 _h1326 |
||
| 650 | 1 | 4 |
_aMéxico (Cd.) _xHistoria. _976806 |
| 901 | _aBK | ||
| 942 | _cLIBRO | ||
| 949 |
_a917.25 V3 1946 _bBC _cLIBRO _d33724000153847 _eLIBRO _h45916 _i52372 _mD _si |
||
| 999 |
_c47255 _d47255 |
||